000 01045cab a2200313 4500
001 ABS56860
008 090401t1997 xxu||||| |||| 00| 0 eng d
035 _a(Sirsi) u78088
041 _aeng
100 _aLangdon, M.
245 2 _aA time and a place for lease renewal
260 _c1997
350 _a0
490 _aProperty Week
_v59(4) 25 April 1997, 22-23(2)
520 _aDiscusses lease renewals under the Landlord and Tenant Act 1954. Describes the best method from both a landlord and tenant`s point of view.
650 _aGARSTON AND OTHERS V SCOTTISH WIDOWS FUND AND LIFE ASSURANCE SOCIETY
650 _aINTERIM RENTS
650 _aLANDLORD AND TENANT ACT 1954
650 _aLANDLORD AND TENANT COVENANTS ACT 1995
650 _aLEASE RENEWAL
650 _aLEASES
650 _aO`MAY AND OTHERS V THE CITY OF LONDON REAL PROPERTY COMPANYD
650 _aSECTION 25 NOTICES
650 _aTERMS
690 _aLANDLORD AND TENANT-BUSINESS TENANCIES
700 _aWhite, G.
942 _n0
948 _c30/04/1997
999 _c49134
_d49134